Hanna-Barbera Cartoon Characters Quiz Stats

 Plays Quiz Updated Feb 2, 2015

Score 0/20 Timer 05:00
59 Plays Today
Placement Character % Correct
Tom and Jerry
98.4%
Scooby-Doo
98.4%
Fred Flintstone
98.1%
Papa Smurf
97.6%
Yogi Bear
96.6%
George Jetson
92.3%
Josie and the Pussycats
78.7%
Huckleberry Hound
62.4%
Top Cat
60.9%
Jonny Quest
50.7%
Placement Character % Correct
Dick Dastardly & Muttley
46.4%
Atom Ant
46.3%
Captain Caveman
45.7%
Snagglepuss
43.2%
Magilla Gorilla
42.5%
Quick Draw McGraw
42.4%
Space Ghost
42.2%
Penelope Pitstop
37%
Jabberjaw
24.1%
Augie Doggie and Doggie Daddy
20.6%

You're not logged in!

Compare scores with friends on all Sporcle quizzes.
OR
Log In

Show Comments

Extras

Top Quizzes Today


Score Distribution

Your Account Isn't Verified!

In order to create a playlist on Sporcle, you need to verify the email address you used during registration. Go to your Sporcle Settings to finish the process.

Report this User

Report this user for behavior that violates our Community Guidelines.

Details: